000 00550nam a2200241 a 4500
001 nice12345678
003 IN_TiNIC
005 20260116011939.0
008 050524s1948 kena grp 000 0 eng
020 _a
_c100
082 0 0 _a335.4
_bCAM
100 _aCameron, J M
245 _aScrutiny of Marxism
260 _aKent
_bStanhope Press
_c1948
300 _a128p
500 _aincludes index and biblioraphy
505 2 _aIllustrate
650 _aMarxism
700 1 _aCameron, J M
902 _bSRS
942 _cBK
999 _c5015
_d5015